Čo prináša e-business
Zvyšovanie konkurencie a konkurenčná inteligencia. Prezentácia spoločnosti a jej produktov na internete - internetový marketing. Segmentácia trhu na internete. Vzťahy so zákazníkmi - CRM. Manažment ľudských zdrojov. Elektronické obstarávanie. Manažment odberateľsko-dodávateľských vzťahov (SCM).
Na minha lista:
| Autor principal: | |
|---|---|
| Formato: | Capítulo de Livro |
| Idioma: | eslovaco |
| Assuntos: | |
| Tags: |
Sem tags, seja o primeiro a adicionar uma tag!
|
MARC
| LEADER | 00000naa$a2200000$$$4500 | ||
|---|---|---|---|
| 001 | 0051364 | ||
| 005 | 20240502071611.8 | ||
| 041 | 0 | |a slo | |
| 044 | |a SK | ||
| 245 | 1 | 0 | |a Čo prináša e-business |c Daniel Kastl |
| 520 | |a Zvyšovanie konkurencie a konkurenčná inteligencia. Prezentácia spoločnosti a jej produktov na internete - internetový marketing. Segmentácia trhu na internete. Vzťahy so zákazníkmi - CRM. Manažment ľudských zdrojov. Elektronické obstarávanie. Manažment odberateľsko-dodávateľských vzťahov (SCM). | ||
| 610 | 2 | 0 | |a podnikanie elektronické |
| 610 | 2 | 0 | |a obchod elektronický |
| 610 | 2 | 0 | |a marketing |
| 610 | 2 | 0 | |a prezentácia firemná |
| 610 | 2 | 0 | |a internet |
| 610 | 2 | 0 | |a obstarávanie elektronické |
| 610 | 2 | 0 | |a riadenie vzťahov so zákazníkmi |
| 610 | 2 | 0 | |a vzťahy dodávateľsko-odberateľské |
| 610 | 2 | 0 | |a manažment personálny |
| 100 | 1 | |a Kastl, Daniel | |